[Event "Transnational Crown"]
[Site "Montreal CAN"]
[Date "2023.06.11"]
[Round "9.1"]
[White "Matviishen, Viktor"]
[Black "Kantans, Toms"]
[Result "0-1"]
[WhiteElo "2538"]
[BlackElo "2486"]
[PlyCount "124"]
[EventDate "2023.06.06"]
[EventType "swiss"]
[EventRounds "9"]
[EventCountry "CAN"]

1. d4 Nf6 2. c4 g6 3. Nc3 d5 4. cxd5 Nxd5 5. Bd2 Nb6 6. e3 Bg7 7. h4 h5 8. Nf3
O-O 9. Ng5 N8d7 10. g4 Nf6 11. gxh5 Bg4 12. Be2 Bxh5 13. Bxh5 Nxh5 14. Qb3 c5
15. dxc5 Nd7 16. Nce4 Qc7 17. Rc1 Qc6 18. Rg1 Rad8 19. f4 Ndf6 20. Qc4 Nxe4 21.
Qxe4 Rd5 22. Qc4 Bxb2 23. Rc2 Bg7 24. Ke2 e6 25. Nf3 Rc8 26. Rg5 Bf6 27. Rxd5
exd5 28. Qb3 Qe6 29. Kd1 Qe4 30. Ng5 Qh1+ 31. Be1 Re8 32. Rf2 Re7 33. f5 Qxh4
34. Rg2 Qc4 35. fxg6 fxg6 36. Qxc4 dxc4 37. Bd2 c3 38. Bc1 Kg7 39. Kc2 Bxg5 40.
Rxg5 Nf6 41. Rg1 Ne4 42. Ba3 Rd7 43. Rg4 Nf6 44. Rg2 Nd5 45. Rg3 Nf6 46. Rg2
Kf7 47. Rf2 Ke6 48. Rg2 Rd2+ 49. Rxd2 cxd2 50. Kxd2 Kd5 51. Ke2 Ke4 52. Bb2 Nd5
53. Bd4 a6 54. a3 Nc7 55. Bf6 Nd5 56. Bd4 g5 57. Kf2 g4 58. c6 bxc6 59. Bc5 Kf5
60. Ke2 Ke4 61. Kf2 Nf6 62. Ke2 Kd5 0-1

[Event "Transnational Crown"]
[Site "Montreal CAN"]
[Date "2023.06.11"]
[Round "9.3"]
[White "Bartel, Mateusz"]
[Black "Heimann, Mark"]
[Result "1-0"]
[WhiteElo "2609"]
[BlackElo "2426"]
[PlyCount "79"]
[EventDate "2023.06.06"]
[EventType "swiss"]
[EventRounds "9"]
[EventCountry "CAN"]

1. e4 e5 2. Nf3 Nc6 3. Bb5 Nf6 4. d3 d6 5. a4 Be7 6. a5 a6 7. Bc4 O-O 8. O-O b5
9. axb6 cxb6 10. h3 Bb7 11. Nc3 b5 12. Ba2 h6 13. Nd5 Nxd5 14. Bxd5 Qd7 15. c3
Bf6 16. Nh2 Ne7 17. Bb3 d5 18. Ng4 Qd6 19. f4 dxe4 20. fxe5 Bxe5 21. d4 Bg3 22.
Rf6 Bh2+ 23. Kh1 Qg3 24. Rf1 e3 25. Qe2 Ng6 26. Nxh2 Rae8 27. d5 Nf4 28. Qg4
Qxg4 29. Nxg4 e2 30. Bxf4 exf1=Q+ 31. Rxf1 Re2 32. Bc1 Rfe8 33. Ne3 R2xe3 34.
Bxe3 Rxe3 35. d6 Rxh3+ 36. Kg1 Rd3 37. Rxf7 Bd5 38. Rf3 Rd2 39. Rf2 Rd3 40. Bc2
1-0

[Event "Transnational Crown"]
[Site "Montreal CAN"]
[Date "2023.06.11"]
[Round "9.5"]
[White "Bosiocic, Marin"]
[Black "Ortiz Suarez, Isan Reynaldo"]
[Result "1-0"]
[WhiteElo "2543"]
[BlackElo "2503"]
[PlyCount "99"]
[EventDate "2023.06.06"]
[EventType "swiss"]
[EventRounds "9"]
[EventCountry "CAN"]

1. d4 d5 2. c4 c6 3. Nf3 Nf6 4. Nc3 e6 5. Bg5 h6 6. Bxf6 Qxf6 7. e3 g6 8. e4
dxe4 9. Nxe4 Bb4+ 10. Ke2 Qf4 11. Qd3 Be7 12. g3 Qc7 13. Bg2 Nd7 14. Rhe1 O-O
15. Kf1 b6 16. Kg1 Ba6 17. Rac1 Rad8 18. Qd2 Kh7 19. d5 Nc5 20. d6 Bxd6 21.
Nf6+ Kg7 22. Ng4 Rh8 23. Qc3+ Kg8 24. Nf6+ Kf8 25. Ne8 Kxe8 26. Qxh8+ Kd7 27.
Qc3 Kc8 28. b4 Nd7 29. Qa3 Bb7 30. c5 bxc5 31. bxc5 Nxc5 32. Rxc5 Qb6 33. Rec1
Bxc5 34. Qxc5 Rd1+ 35. Bf1 Qxc5 36. Rxc5 Kc7 37. Ne5 f6 38. Nc4 Rc1 39. Ra5 a6
40. f4 Bc8 41. Kf2 Rc2+ 42. Be2 Rc1 43. h4 Rc3 44. Ra3 Rc2 45. Ne3 Rb2 46. Kf3
c5 47. Bxa6 Bd7 48. Bd3 f5 49. Ra7+ Kd8 50. Bc2 1-0

[Event "Transnational Crown"]
[Site "Montreal CAN"]
[Date "2023.06.11"]
[Round "9.7"]
[White "Meshkovs, Nikita"]
[Black "Vidyarthi, Vyom"]
[Result "1-0"]
[WhiteElo "2573"]
[BlackElo "2436"]
[PlyCount "93"]
[EventDate "2023.06.06"]
[EventType "swiss"]
[EventRounds "9"]
[EventCountry "CAN"]

1. d4 d5 2. Nf3 Nf6 3. c4 c6 4. Nc3 dxc4 5. a4 Bf5 6. Ne5 Nbd7 7. Nxc4 Nb6 8.
Ne5 a5 9. g3 e6 10. Bg2 Bb4 11. O-O O-O 12. e3 h6 13. Qe2 Qe7 14. e4 Bh7 15.
Bf4 Rfd8 16. Rfd1 Rac8 17. Ng4 Nbd7 18. Nxf6+ Nxf6 19. Na2 Rd7 20. f3 Rcd8 21.
Be3 e5 22. dxe5 Qxe5 23. Nxb4 axb4 24. Bh3 Rxd1+ 25. Rxd1 Rxd1+ 26. Qxd1 Bg6
27. Qd4 Qh5 28. Bg2 Qa5 29. b3 b5 30. axb5 Qxb5 31. Bf1 Qh5 32. Kg2 Qa5 33. Bc4
Qa2+ 34. Qd2 Qb1 35. Bf4 Nxe4 36. fxe4 Bxe4+ 37. Kh3 g5 38. Be5 Kh7 39. Qf2
Bf5+ 40. g4 Bxg4+ 41. Kxg4 Qe4+ 42. Kh3 g4+ 43. Kh4 g3+ 44. Kxg3 Qxe5+ 45. Qf4
Qc3+ 46. Kg4 Qg7+ 47. Kh4 1-0

[Event "Transnational Crown"]
[Site "Montreal CAN"]
[Date "2023.06.11"]
[Round "9.8"]
[White "Lenderman, Alexandr"]
[Black "Korley, Kassa"]
[Result "1-0"]
[WhiteElo "2566"]
[BlackElo "2461"]
[PlyCount "117"]
[EventDate "2023.06.06"]
[EventType "swiss"]
[EventRounds "9"]
[EventCountry "CAN"]

1. d4 e6 2. c4 d5 3. Nf3 Nf6 4. g3 c5 5. cxd5 exd5 6. Bg2 Nc6 7. O-O Be7 8.
dxc5 Bxc5 9. a3 Ne4 10. Nfd2 O-O 11. Nxe4 dxe4 12. Qxd8 Rxd8 13. Bxe4 Bg4 14.
Nc3 Bd4 15. Be3 Bxc3 16. bxc3 Bxe2 17. Rfb1 Rd7 18. Rxb7 Rxb7 19. Bxc6 Rab8 20.
Bxb7 Rxb7 21. Re1 Bb5 22. Rb1 a6 23. c4 Bc6 24. Rxb7 Bxb7 25. Kf1 f6 26. Ke2
Kf7 27. Kd3 Ke6 28. Kd4 Bf3 29. Bd2 Be2 30. Bb4 h5 31. h4 g6 32. Kc5 Bd3 33.
Bc3 Be2 34. Kb4 Bd3 35. c5 f5 36. Ka5 f4 37. c6 fxg3 38. fxg3 Be4 39. Kb6 Bf3
40. a4 Be4 41. a5 Bf3 42. Bd2 Be4 43. Bf4 Bf3 44. c7 Kd7 45. Kxa6 Kc8 46. Kb6
Be4 47. a6 Bf3 48. a7 Be4 49. Kc5 Bf3 50. Kd6 Ba8 51. Ke7 Bb7 52. Kf6 Be4 53.
Kg5 Kd7 54. g4 hxg4 55. Kxg4 Kc8 56. Kg5 Kd7 57. Kf6 Kc8 58. a8=Q+ Bxa8 59.
Kxg6 1-0

[Event "Transnational Crown"]
[Site "Montreal CAN"]
[Date "2023.06.11"]
[Round "9.9"]
[White "Almeida Quintana, Omar"]
[Black "Lee, Alice"]
[Result "1-0"]
[WhiteElo "2520"]
[BlackElo "2390"]
[PlyCount "83"]
[EventDate "2023.06.06"]
[EventType "swiss"]
[EventRounds "9"]
[EventCountry "CAN"]

1. Nf3 d5 2. c4 c6 3. b3 Nf6 4. Bb2 Bg4 5. e3 Nbd7 6. cxd5 cxd5 7. Be2 e6 8.
Nc3 a6 9. O-O Bd6 10. Nd4 Bxe2 11. Qxe2 O-O 12. f4 Re8 13. Rac1 Rc8 14. g4 Nc5
15. b4 Nce4 16. Nxe4 dxe4 17. Rxc8 Qxc8 18. a3 Bb8 19. g5 Nd5 20. Qg2 e5 21.
Qxe4 Qd7 22. Qf5 Qxf5 23. Nxf5 exf4 24. Nxg7 Rd8 25. Nf5 fxe3 26. Nh6+ Kf8 27.
Rxf7+ Ke8 28. dxe3 Nxe3 29. Rxh7 Bxh2+ 30. Kxh2 Rd2+ 31. Kh3 Rxb2 32. g6 Nd5
33. g7 Rb3+ 34. Kh4 Ne7 35. Rh8+ Kd7 36. Rb8 Rc3 37. Rxb7+ Rc7 38. Rxc7+ Kxc7
39. Kg5 Kd7 40. Kf6 Nd5+ 41. Ke5 Ne7 42. a4 1-0

[Event "Transnational Crown"]
[Site "Montreal CAN"]
[Date "2023.06.11"]
[Round "9.14"]
[White "Jaferian, Koosha"]
[Black "Krishnan, Varun"]
[Result "1/2-1/2"]
[WhiteElo "2201"]
[BlackElo "2378"]
[PlyCount "59"]
[EventDate "2023.06.06"]
[EventType "swiss"]
[EventRounds "9"]
[EventCountry "CAN"]

1. d4 d5 2. Bf4 c5 3. e3 Nc6 4. Nf3 Nf6 5. Nbd2 Qb6 6. dxc5 Qxb2 7. Rb1 Qc3 8.
Bb5 g6 9. Be5 Qxc5 10. c4 Bd7 11. Ba4 Nxe5 12. Nxe5 Qc7 13. Nxd7 Nxd7 14. Qb3
Rb8 15. Qb2 Rg8 16. cxd5 Bg7 17. Rc1 Qd8 18. Qb4 Kf8 19. Qf4 Be5 20. Qh6+ Bg7
21. Qf4 Be5 22. Qh6+ Bg7 23. Qh3 Nb6 24. Bb3 Qd7 25. Qg3 Rd8 26. e4 Qd6 27. Qe3
Bf6 28. O-O g5 29. Rfe1 Be5 30. g3 1/2-1/2

[Event "Transnational Crown"]
[Site "Montreal CAN"]
[Date "2023.06.11"]
[Round "9.18"]
[White "Andersen, Gunnar"]
[Black "Tanaka, Tyler"]
[Result "1-0"]
[WhiteElo "2283"]
[BlackElo "2315"]
[PlyCount "107"]
[EventDate "2023.06.06"]
[EventType "swiss"]
[EventRounds "9"]
[EventCountry "CAN"]

1. e4 c5 2. Nf3 d6 3. d4 cxd4 4. Nxd4 Nf6 5. Nc3 a6 6. a3 g6 7. Be2 Bg7 8. Be3
O-O 9. Qd2 Nc6 10. O-O-O Nxd4 11. Bxd4 Qa5 12. Qe3 Ng4 13. Bxg4 Bxg4 14. f3
Bxd4 15. Rxd4 Be6 16. h4 Qc5 17. h5 Rac8 18. Qd2 Qe5 19. f4 Qf6 20. g4 Bxg4 21.
Nd5 Qe6 22. hxg6 fxg6 23. f5 gxf5 24. Qg5+ Kh8 25. Nxe7 Rg8 26. Nxg8 Rxg8 27.
Qf4 Qe5 28. Qh6 Qg7 29. exf5 Qxh6+ 30. Rxh6 Bxf5 31. Rhxd6 Rg1+ 32. Rd1 Rg2 33.
R6d2 Rg6 34. Rf1 Be6 35. Rd6 Kg7 36. Rb6 Bd5 37. Rxg6+ Kxg6 38. Kd2 h5 39. Ke3
Kg5 40. Rg1+ Kf5 41. Rd1 Bc6 42. Rd4 Kg5 43. c4 h4 44. Kf2 h3 45. Kg3 Bg2 46.
a4 Kf5 47. a5 Ke5 48. Rd1 Ke6 49. b4 Ke7 50. b5 Ke6 51. bxa6 bxa6 52. c5 Kf6
53. c6 Ke7 54. c7 1-0

[Event "Transnational Crown"]
[Site "Montreal CAN"]
[Date "2023.06.11"]
[Round "9.19"]
[White "Cervantes Landeiro, Thalia"]
[Black "Zheng, Richard"]
[Result "1-0"]
[WhiteElo "2271"]
[BlackElo "2192"]
[PlyCount "89"]
[EventDate "2023.06.06"]
[EventType "swiss"]
[EventRounds "9"]
[EventCountry "CAN"]

1. d4 Nf6 2. c4 e6 3. Nf3 d5 4. Nc3 dxc4 5. e3 a6 6. Bxc4 b5 7. Bd3 Bb7 8. O-O
c5 9. Qe2 Nc6 10. Rd1 Qc7 11. a4 b4 12. Ne4 Nxe4 13. Bxe4 Rd8 14. b3 Na5 15.
Bxb7 Qxb7 16. Bb2 Nxb3 17. Rab1 Be7 18. Qc2 Na5 19. dxc5 O-O 20. Rd4 Rc8 21.
Rg4 f6 22. Nd4 Qd5 23. e4 Qd7 24. Rd1 Bxc5 25. Nf5 Bxf2+ 26. Kf1 Qa7 27. Nxg7
Kh8 28. Nxe6 Qe7 29. Qxf2 Qxe6 30. Rg3 Nc4 31. Bd4 Rf7 32. Kg1 Ne5 33. a5 Nc6
34. Bb2 Rcf8 35. Qc5 Qxe4 36. Rc1 Nd8 37. Rf1 Ne6 38. Qd6 Ng7 39. Bxf6 Kg8 40.
Rgf3 Qe6 41. Qxb4 h5 42. Qd4 Qd7 43. Bxg7 Rxf3 44. Rxf3 Qxg7 45. Rg3 1-0

[Event "Transnational Crown"]
[Site "Montreal CAN"]
[Date "2023.06.11"]
[Round "9.20"]
[White "Lawson, Eric"]
[Black "Demchenko, Svitlana"]
[Result "1-0"]
[WhiteElo "2217"]
[BlackElo "2173"]
[PlyCount "71"]
[EventDate "2023.06.06"]
[EventType "swiss"]
[EventRounds "9"]
[EventCountry "CAN"]

1. e4 c5 2. Nf3 e6 3. d4 cxd4 4. Nxd4 Bc5 5. Nb3 Bb6 6. g3 Ne7 7. Nc3 O-O 8.
Bg2 Nbc6 9. Bf4 d5 10. exd5 exd5 11. O-O Be6 12. Na4 Bc7 13. Bxc7 Qxc7 14. Nac5
b6 15. Nxe6 fxe6 16. Qe2 e5 17. c4 d4 18. Nc1 Rae8 19. Nd3 Nf5 20. Be4 Nd6 21.
Rfe1 Nxe4 22. Qxe4 Re7 23. Rac1 a5 24. a3 a4 25. c5 b5 26. Nb4 Nxb4 27. axb4
Rf6 28. f4 Rfe6 29. Qd5 Kf8 30. fxe5 Rxe5 31. Rf1+ Ke8 32. Qxd4 Re3 33. Qd5
R7e6 34. Qa8+ Ke7 35. Qf8+ Kd7 36. c6+ 1-0

[Event "Transnational Crown"]
[Site "Montreal CAN"]
[Date "2023.06.11"]
[Round "9.21"]
[White "Dukic, Zachary"]
[Black "Johnson, Donald"]
[Result "1/2-1/2"]
[WhiteElo "2151"]
[BlackElo "2160"]
[PlyCount "32"]
[EventDate "2023.06.06"]
[EventType "swiss"]
[EventRounds "9"]
[EventCountry "CAN"]

1. e4 e5 2. Nf3 Nc6 3. Bb5 a6 4. Ba4 Nf6 5. O-O Be7 6. d3 b5 7. Bb3 d6 8. a3
O-O 9. Nc3 Na5 10. Ba2 Be6 11. b4 Bxa2 12. Rxa2 Nc6 13. Bg5 Ng4 14. Bd2 Nf6 15.
Bg5 Ng4 16. Bd2 Nf6 1/2-1/2

[Event "Transnational Crown"]
[Site "Montreal CAN"]
[Date "2023.06.11"]
[Round "9.23"]
[White "Hernandez Moya, Yuleisy"]
[Black "Liang, Jason"]
[Result "1/2-1/2"]
[WhiteElo "2202"]
[BlackElo "2527"]
[PlyCount "89"]
[EventDate "2023.06.06"]
[EventType "swiss"]
[EventRounds "9"]
[EventCountry "CAN"]

1. e4 c5 2. Nf3 e6 3. d4 cxd4 4. Nxd4 Nc6 5. Nc3 Qc7 6. Be3 a6 7. Be2 Nf6 8. a3
Be7 9. O-O O-O 10. f4 d6 11. Qe1 Nxd4 12. Bxd4 b5 13. Qg3 Bb7 14. Bd3 Rad8 15.
Rae1 Bc6 16. Kh1 Qd7 17. Qh3 e5 18. Qxd7 Nxd7 19. Be3 exf4 20. Bxf4 Ne5 21. Re3
Bf6 22. Rg3 Ng6 23. Bg5 Bxg5 24. Rxg5 Ne5 25. Ne2 f6 26. Rg3 d5 27. Nd4 dxe4
28. Nxc6 Nxc6 29. Bxe4 Ne5 30. b3 g6 31. h3 Kg7 32. Rc3 h5 33. Bb7 Rd6 34. Kh2
Rf7 35. Bc8 f5 36. Rf4 Kf6 37. a4 Ra7 38. Rc5 Rd2 39. Kg1 Rd8 40. Rb4 Nf7 41.
Kh2 Rd1 42. Rc6+ Rd6 43. Rc5 Rd1 44. Rc6+ Rd6 45. Rc5 1/2-1/2

[Event "Transnational Crown"]
[Site "Montreal CAN"]
[Date "2023.06.11"]
[Round "9.24"]
[White "Nunez-Painchaud, Raphael"]
[Black "Xu, Daniel"]
[Result "0-1"]
[WhiteElo "2098"]
[BlackElo "2276"]
[PlyCount "88"]
[EventDate "2023.06.06"]
[EventType "swiss"]
[EventRounds "9"]
[EventCountry "CAN"]

1. c4 Nf6 2. g3 g6 3. Bg2 Bg7 4. Nc3 O-O 5. Nf3 d6 6. O-O Nc6 7. d4 a6 8. e4
Bg4 9. h3 Bxf3 10. Bxf3 e5 11. d5 Nd4 12. Bg2 c5 13. dxc6 bxc6 14. c5 dxc5 15.
Bg5 Qb6 16. Na4 Qb5 17. Re1 Rfd8 18. Bf1 Qb4 19. a3 Qxe1 20. Qxe1 Nf3+ 21. Kg2
Nxe1+ 22. Rxe1 h6 23. Bc1 Bf8 24. Kf3 Rab8 25. Be3 Ne8 26. Rc1 Nc7 27. Bc4 Nb5
28. g4 Nd4+ 29. Kg2 Kg7 30. f4 exf4 31. Bxf4 Bd6 32. e5 Bc7 33. Rf1 Ne6 34. Bc1
Bxe5 35. Bxe6 fxe6 36. Nxc5 Rd6 37. Re1 Bf6 38. Nxa6 Rbd8 39. Bf4 e5 40. Be3
Rd1 41. Re2 Be7 42. Kf3 Bd6 43. Rc2 e4+ 44. Ke2 Bg3 0-1

[Event "Transnational Crown"]
[Site "Montreal CAN"]
[Date "2023.06.11"]
[Round "9.25"]
[White "Ouellet, Maili-Jade"]
[Black "Golubeva, Oksana"]
[Result "1-0"]
[WhiteElo "2243"]
[BlackElo "2179"]
[PlyCount "99"]
[EventDate "2023.06.06"]
[EventType "swiss"]
[EventRounds "9"]
[EventCountry "CAN"]

1. e4 e6 2. d4 d5 3. Nc3 Be7 4. Nf3 Nf6 5. Bd3 c5 6. e5 Nfd7 7. dxc5 Nc6 8. Qe2
Nxc5 9. O-O Nxd3 10. cxd3 d4 11. Ne4 h6 12. Bf4 Qd5 13. Rfc1 b6 14. h3 Ba6 15.
a3 Na5 16. Ned2 O-O 17. b4 Nb3 18. Nxb3 Qxb3 19. Nxd4 Qxd3 20. Qxd3 Bxd3 21.
Rc7 Bd8 22. Rd7 Be4 23. Rc1 Re8 24. Nb5 Re7 25. Rd4 Bd5 26. Nc3 Bb3 27. Rb1 Bc2
28. Rb2 Bg6 29. Rbd2 Re8 30. Nb5 a6 31. Nd6 Rf8 32. Nb7 Be7 33. Rd7 Bg5 34.
Bxg5 hxg5 35. R2d6 a5 36. b5 Be4 37. Rxb6 Rab8 38. Rc7 Rfe8 39. a4 Kf8 40. Nc5
Rxb6 41. Nd7+ Kg8 42. Nxb6 Kh7 43. Nc4 Ra8 44. f3 Bd5 45. Nb6 Rb8 46. Nxd5 exd5
47. Rd7 Rc8 48. Rxd5 Rc4 49. b6 Rb4 50. Rb5 1-0